Score 0/15 Timer 01:30
0 Plays Today
% Correct
Senators
80.6%
Bisons
79.2%
Beaneaters
73.2%
Colt .45's
72.2%
Trojans
72%
White Stockings
68.7%
Gothams
67.9%
Browns
65.2%
% Correct
Redlegs
64.8%
Hoosiers
64.1%
Wolverines
50.6%
Burghers
50.2%
Apostles
47.9%
Spiders
45.1%
Bridegrooms
40.2%

Today's Daily Dose

Remove Ads.
Support Sporcle.
Get the best of Sporcle when you Go Orange. This ad-free experience offers more features, more stats, and more fun while also helping to support Sporcle. Thank you for becoming a member.

You're not logged in!

Compare scores with friends on all Sporcle quizzes.
OR
Log In

Show Comments

Extras

Top Quizzes Today


Score Distribution

Your Account Isn't Verified!

In order to create a playlist on Sporcle, you need to verify the email address you used during registration. Go to your Sporcle Settings to finish the process.

Report this User

Report this user for behavior that violates our Community Guidelines.

Details: